000 00378nam a2200133Ia 4500
008 100328s9999 xx 000 0 und d
082 _b60278
100 _aपेठे प्रकाश
245 _aस्वप्नगृह.
260 _bगं्रथाली.
630 _aस्वप्नगृह.
730 _aस्वप्नगृह.
942 _cBOOK
999 _c546440
_d546437